000 00465 a2200157 4500
005 20250618134819.0
020 _a978-0-07-353198-4
082 _a150 LAH
100 _aLAHEY, B.B.
245 _aPsychology: An introduction.
250 _a10th Ed.
260 _aNew York,
_bMc Graw Hill,
_c2009.
300 _axxxii, 610p.: ill.; figure, graph, picture, table.
_bBibliography & Index
_c28cm
856 _yAccess online book
_fPsychology
_dwww.mhhe.com
942 _2ddc
_cBKS
999 _c191
_d191